00278pam a2200121 a 4500020000500000041000800005082001800013100001900031245005900050250001000109260002300119300001400142 c aeng a616.9041bMUR aMury, Bauron . aMannual Of Cinical Mirobilogy VOL 1hTextual Documents a2003. a[s.l]:bASM Press  a1212 pg .